Vòng quanh thế giới kỳ lạ

Salvato in:
Dettagli Bibliografici
Autore principale: Diêu Đại Quân
Natura: Libro
Pubblicazione: Thanh niên 2000
Tags: Aggiungi Tag
Nessun Tag, puoi essere il primo ad aggiungerne! !
Thư viện lưu trữ: Mạng thư viện Đại học Đà Nẵng
LEADER 00588nam a2200229 a 4500
001 000028842
003 6175
005 20171030145630.0
008 171030s2000
020 |c 33500 
040 |a LTT 
082 0 |a 001  |b DI-Q 
100 1 |a Diêu Đại Quân 
245 0 0 |a Vòng quanh thế giới kỳ lạ  |c Diêu Đại Quân, Hạ Vũ ; Đoàn Mạnh Thế dịch. 
260 |b Thanh niên  |c 2000 
OWN |a LTT 
999 |a From the UDN01 
TYP |a Monograph 
TYP |a Printed language 
980 |a Mạng thư viện Đại học Đà Nẵng